| 000 | 00559nam a22001817a 4500 | ||
|---|---|---|---|
| 003 | OSt | ||
| 005 | 20260422080529.0 | ||
| 008 | 260422b |||||||| |||| 00| 0 eng d | ||
| 020 | _a0-7674-1202-8 | ||
| 040 |
_aDWC-Main lib _cOC |
||
| 082 | _aCirc. 792.8 H227 2000 | ||
| 100 | _aHammond, Sandra | ||
| 245 |
_aBallet basics, 4th ed./ _cSandra Hammond |
||
| 260 |
_aMountain View, California : _bMayfield Publishing Company, _cc2000. |
||
| 504 | _aIncludes bibliographical references and index. | ||
| 650 | _a1. Ballet. | ||
| 942 |
_2ddc _cBK-CIRC _hCirc. _n0 |
||
| 999 |
_c9718 _d9718 |
||